Statistiques concernant Culture Générale - Série 745

Cliquez ici pour prendre le quiz!

Statistiques générales

  • Ce quiz a été pris 187 fois
  • Le résultat moyen est 5 sur 10

Statistiques - réponses

QuestionRéponse% Correct
De quelle ville des États-Unis Manhattan est-elle un district ?New York
96%
Quand on est prisonnier d'un engagement, on dit qu'on a un fil à la...patte
62%
Quel objet sphérique en métal orne le bonnet de "Oui-Oui", héros de littérature enfantine ?grelot
59%
Comment appelle-t-on spécifiquement un musicien qui joue du clavecin ?claveciniste
57%
Quelle plante à fleurs jaunes, également appelée dent-de-lion, doit son nom à ses vertus diurétiques ?pissenlit
54%
Complétez le titre du film réalisé en 1979 par Don Siegel, "L'évadé ...d'Alcatraz
50%
Quel est le futur antérieur du verbe être, à la première personne du singulier ?J'aurai été
49%
Complétez le titre du roman de François Mauriac, "Le noeud de ...vipères
39%
Quel est le titre français de la série "One Tree Hill" ?Les Frères Scott
21%
Quel romancier a publié en 2006 "Mes amis, mes amours", porté à l'écran par sa propre soeur en 2008 ?Marc Levy
12%

Distribution des résultats

Percentile par nombre de réponses

% des personnes avec chaque résultat

Votre développement - résultats

Vous n’avez pas pris ce quiz